| 000 | 00868 a2200265 4500 | ||
|---|---|---|---|
| 003 | OSt | ||
| 005 | 20180116192338.0 | ||
| 008 | 120516t xxu||||| |||| 00| 0 eng d | ||
| 010 | _a 2009002327 | ||
| 020 | _a9780419245100 (hbk. : alk. paper) | ||
| 020 | _a9780203874226 (ebk.) | ||
| 040 | _c0 | ||
| 082 | 0 | 0 | _a725.81 |
| 100 | 1 |
_aBarron, Michael, _91448 |
|
| 245 | 1 | 0 |
_aAuditorium acoustics and architectural design / _cMichael Barron. |
| 250 | _a2nd ed. | ||
| 260 |
_aLondon ; _aNew York : _bSpon Press/Taylor & Francis, _c2010. |
||
| 300 |
_axiv, 489 p. _bill., charts, pland _c26 cm. |
||
| 500 | _aIncludes index | ||
| 650 | 0 |
_aArchitectural acoustics. _91449 |
|
| 650 | 0 |
_aMusic-halls _zGreat Britain. _91450 |
|
| 650 | 0 |
_aMusic-halls. _91451 |
|
| 942 |
_aSADA _cBK _k725.81 BAR 2010 _2ddc |
||
| 999 |
_c352546 _d352546 |
||